LEADER 01096nam0-22003493i-4500 001 990006042310203316 005 20150525170350.0 010 $a9781891389535 035 $a000604231 035 $aUSA01000604231 035 $a(ALEPH)000604231USA01 035 $a000604231 100 $a20100319d2010----|0itac50 ba 101 $aeng 102 $aUS 105 $a||||||||001yy 200 1 $aOrganotransition metal chemistry$efrom bonding to catalysis$fJohn F. Hartwig 210 $aMill Valley, Calif.$cUniversity Science Books$dcopyr.2010 215 $aXXX, 1127 p.$cill.$d29 cm. 606 0 $aMetalli di transizione$xComposti$2BNCF 676 $a547.056 700 1$aHARTWIG,$bJohn Frederick$0620406 801 0$aIT$bsalbc$gISBD 912 $a990006042310203316 951 $a547.056 HAR 1$b39779 SCI$c547.056$d00335870 951 $a547.056 HAR 1a$b39780 SCI$c547.056$d00335871 959 $aBK 969 $aSCI 979 $aANGELA$b90$c20150525$lUSA01$h1657 979 $aANGELA$b90$c20150525$lUSA01$h1703 996 $aOrganotransition metal chemistry$91076095 997 $aUNISA